000 00550nam a2200193Ii 4500
003 JO-AjNU
008 230606s9999||||xx |||||||||||||| ||und||
020 _a81-7629-415-2
040 _aJO-AjNU
_beng
_erda
_cJO-AjNU
041 _aeng
050 1 4 _aKPL80.2003
100 3 _aJAIN ، SAMPAT,
_eauthor
_91337
245 0 0 _aPUBLIC INTEREST LITIGATION
264 3 1 _aNEW DEHI : DEEP and DEEP PUBLICATIONS (P) LTD ، 2003
300 _a556p
336 _atext
_btxt
_2rdacontent
337 _aunmediated
_bn
_2rdamedia
338 _avolume
_bnc
_2rdacarrier
999 _aE705
_c705
_d705